000 00305nam a2200133Ia 4500
100 _aMuzio/ J.C.
942 _cBK
654 _aMultiple valued switching theory
245 _aMultiple Valued Switching theory
260 _bJaico Pub
_aBombay
_c1994
300 _a195
546 _aENGLISH
999 _c22150
_d22150